000 00843nam a2200217 i 4500
001 27128
003 ES-MaACL
005 20250813063258.0
007 t|
008 030113s1956 sp ||||1| spa d
100 1 _aAyuso Marazuela, Teófilo,
_d1906-1962
_924206
245 1 3 _aLa Biblia Visigótica de la Cava del Tirreni
_b: contribución al estudio de la Vulgata /
_cTeófilo Ayuso Marazuela.
260 _aMadrid :
_b[s.n.,
_c1956] (
_fC. Bermejo)
300 _a206 p., 6 lám ;
_c24 cm.
500 _aPrecede al tít.: Consejo Superior de Investigaciones Científicas. Instituto Francisco Suárez.
630 0 4 _aBiblia-
_xCrítica textual.
_9149754
650 7 _aManuscritos visigóticos
_2embne
_9153394
710 2 _aInstituto "Francisco Suárez"
_95062
852 _aES-MaACL
_jC-14185
_bR.43622
999 _c27128
_d27128